000 00892nas a2200301 4500
001 BR0003432
003 BR-BrBNA
005 20231205101936.0
007 ta
008 230509b bl.|||p| |||| 00| 00por d
040 _aBR-BrBNA
_bpor
_cBiblioteca Nacional de Agricultura
041 _a(Pt)
072 _aH60
100 1 _aTheisen, G.
100 1 _aVidal, R.A.
100 1 _aFleck, N.G.
245 1 _aReducao da infestacao de Brachiaria plantaginea em soja pela cobertura do solo com palha de aveia-preta
650 _aSoja
650 _aPapua
650 _aInfestacao
650 _aCobertura do Solo
650 _aPalha
650 _aAveia Forrageira
650 _aRio Grande do Sul
773 0 _tPesquisa Agropecuaria Brasileira (Brazil)
_xISSN 0100-204X
_g(Apr 2000), v. 35(4) p. 753-756
_wBR0003432
909 _a202311
_bLúcia
_c55
_dLúcia Elande
942 _2AGRIS
_n0
_cANA
999 _c164847
_d164847